<?xml version="1.0" encoding="UTF-8"?>
<record
    xmlns:xsi="http://www.w3.org/2001/XMLSchema-instance"
    xsi:schemaLocation="http://www.loc.gov/MARC21/slim http://www.loc.gov/standards/marcxml/schema/MARC21slim.xsd"
    xmlns="http://www.loc.gov/MARC21/slim">

  <leader>00839nam a22002297a 4500</leader>
  <controlfield tag="005">20240530110348.0</controlfield>
  <controlfield tag="008">141214s2010    ua d   f b    000 0 ara d</controlfield>
  <datafield tag="017" ind1=" " ind2=" ">
    <subfield code="a">2190/2010</subfield>
    <subfield code="b">&#x645;&#x635;&#x631; . &#x62F;&#x627;&#x631; &#x627;&#x644;&#x643;&#x62A;&#x628; &#x627;&#x644;&#x645;&#x635;&#x631;&#x64A;&#x629;</subfield>
  </datafield>
  <datafield tag="020" ind1=" " ind2=" ">
    <subfield code="a">977258378x</subfield>
  </datafield>
  <datafield tag="040" ind1=" " ind2=" ">
    <subfield code="a">EG-CaGPL</subfield>
  </datafield>
  <datafield tag="041" ind1="0" ind2=" ">
    <subfield code="a">ara</subfield>
  </datafield>
  <datafield tag="082" ind1="0" ind2="4">
    <subfield code="2">21</subfield>
    <subfield code="a">629.8\</subfield>
    <subfield code="b">&#x627; &#x647;&#x640;</subfield>
  </datafield>
  <datafield tag="100" ind1="0" ind2=" ">
    <subfield code="a">&#x627;&#x644;&#x62D;&#x633;&#x646; &#x628;&#x634;&#x64A;&#x631; &#x627;&#x644;&#x639;&#x642;&#x627;&#x628;</subfield>
  </datafield>
  <datafield tag="245" ind1="1" ind2="0">
    <subfield code="a">&#x647;&#x646;&#x62F;&#x633;&#x629; &#x646;&#x638;&#x645; &#x627;&#x644;&#x62A;&#x62D;&#x643;&#x645; = </subfield>
    <subfield code="b">control systems engineering /</subfield>
    <subfield code="c">&#x62A;&#x627;&#x644;&#x64A;&#x641; &#x627;&#x644;&#x62D;&#x633;&#x646; &#x628;&#x634;&#x64A;&#x631; &#x627;&#x644;&#x639;&#x642;&#x627;&#x628;</subfield>
  </datafield>
  <datafield tag="260" ind1=" " ind2=" ">
    <subfield code="a">&#x627;&#x644;&#x642;&#x627;&#x647;&#x631;&#x629; : </subfield>
    <subfield code="b">&#x627;&#x644;&#x62F;&#x627;&#x631; &#x627;&#x644;&#x639;&#x631;&#x628;&#x64A;&#x629; &#x644;&#x644;&#x646;&#x634;&#x631; &#x648; &#x627;&#x644;&#x62A;&#x648;&#x632;&#x64A;&#x639; &#x60C; </subfield>
    <subfield code="c">2010</subfield>
  </datafield>
  <datafield tag="300" ind1=" " ind2=" ">
    <subfield code="a">440 &#x635; :</subfield>
    <subfield code="c">24 &#x633;&#x645;</subfield>
    <subfield code="b">&#x627;&#x64A;&#x636; &#x61B;</subfield>
  </datafield>
  <datafield tag="504" ind1=" " ind2=" ">
    <subfield code="a">&#x628;&#x628;&#x644;&#x64A;&#x648;&#x62C;&#x631;&#x627;&#x641;&#x64A;&#x629; : &#x635; 437 - 440</subfield>
  </datafield>
  <datafield tag="650" ind1="0" ind2="4">
    <subfield code="a">&#x646;&#x638;&#x645; &#x627;&#x644;&#x62A;&#x62D;&#x643;&#x645;</subfield>
  </datafield>
  <datafield tag="650" ind1="0" ind2="4">
    <subfield code="a">&#x645;&#x633;&#x627;&#x631; &#x627;&#x644;&#x62C;&#x630;&#x631;</subfield>
  </datafield>
  <datafield tag="942" ind1=" " ind2=" ">
    <subfield code="2">ddc</subfield>
    <subfield code="c">BK</subfield>
  </datafield>
  <datafield tag="999" ind1=" " ind2=" ">
    <subfield code="c">60018</subfield>
    <subfield code="d">60018</subfield>
  </datafield>
  <datafield tag="952" ind1=" " ind2=" ">
    <subfield code="0">0</subfield>
    <subfield code="1">0</subfield>
    <subfield code="4">0</subfield>
    <subfield code="7">0</subfield>
    <subfield code="a">CAI</subfield>
    <subfield code="b">CAI</subfield>
    <subfield code="d">2014-12-14</subfield>
    <subfield code="l">0</subfield>
    <subfield code="o">629.8\ &#x627; &#x647;&#x640;</subfield>
    <subfield code="p">158997</subfield>
    <subfield code="r">2014-12-14 00:00:00</subfield>
    <subfield code="w">2014-12-14</subfield>
    <subfield code="y">BK</subfield>
  </datafield>
</record>
